| 000 | 01155cam a2200349Mi 4500 | ||
|---|---|---|---|
| 001 | on1018422419 | ||
| 003 | TZ-ArACH | ||
| 005 | 20210215155750.0 | ||
| 008 | 171005s2015 enk b 001 0 eng d | ||
| 020 |
_a9781316601136 _qpaperback |
||
| 020 |
_a1316601137 _qpaperback |
||
| 035 | _a(OCoLC)1018422419 | ||
| 040 |
_aGXR _beng _erda _cTZ-ArACH |
||
| 049 | _aTZAA | ||
| 050 | 4 |
_aK7128 _b.N38 2015 |
|
| 245 | 0 | 0 |
_aNationality and statelessness under international law / _cedited by Alice Edwards and Laura van Waas. |
| 250 | _aFirst paperback edition. | ||
| 260 |
_aCambridge, United Kingdom ; _aNew York : _bCambridge University Press, _c2014. |
||
| 300 |
_axvii, 306 pages ; _c23 cm. |
||
| 504 | _aIncludes bibliographical references and index. | ||
| 650 | 0 | _aStateless persons. | |
| 650 | 0 |
_aCitizenship. _91402 |
|
| 650 | 0 |
_aStatelessness. _91398 |
|
| 650 | 7 |
_aCitizenship. _2fast _91402 |
|
| 650 | 7 |
_aStateless persons. _2fast |
|
| 650 | 7 |
_aStatelessness. _2fast _91398 |
|
| 650 | 7 |
_aLaw. _2eflch |
|
| 650 | 7 |
_aLaw. _2ukslc |
|
| 700 | 1 |
_aEdwards, Alice, _eeditor. |
|
| 700 | 1 |
_aWaas, Laura van, _d1981- _eeditor. _91397 |
|
| 942 |
_2lcc _cBOOK |
||
| 999 |
_c6288 _d6288 |
||